[Event "8MCRV_F"]
[Site "?"]
[Date "2008.??.??"]
[Round "?"]
[White "Bares, Jiri"]
[Black "Canibal, Jaromir"]
[Result "0-1"]
[WhiteElo "2259"]
[BlackElo "2236"]
[PlyCount "86"]
[EventDate "2008.??.??"]

1. d4 Nf6 2. c4 g6 3. Nc3 Bg7 4. e4 d6 5. f3 O-O 6. Be3 Nfd7 7. Qd2 c5 8. d5
Qa5 9. Bh6 Bxh6 10. Qxh6 Nf6 11. O-O-O Nbd7 12. Nh3 a6 13. Ng5 b5 14. cxb5 axb5
15. Bxb5 Ne5 16. Be2 Qb4 17. Rd2 Bd7 18. f4 Nc4 19. Bxc4 Qxc4 20. Kb1 Ra7 21.
e5 Rxa2 22. exf6 Rxb2+ 23. Rxb2 Bf5+ 24. Nce4 Bxe4+ 25. Nxe4 Qxe4+ 26. Kc1 exf6
27. f5 Ra8 28. Rb1 Qc4+ 29. Kd1 Qd3+ 30. Kc1 Qc3+ 31. Kd1 g5 32. Re1 Qd3+ 33.
Kc1 Qc4+ 34. Kd1 Qxd5+ 35. Kc1 Qc4+ 36. Kd1 Qd4+ 37. Kc1 Qf4+ 38. Kd1 Qxf5 39.
Kc1 Qf4+ 40. Kd1 Qd4+ 41. Kc1 d5 42. g3 Qc3+ 43. Kd1 c4 0-1

[Event "8MCRV_F"]
[Site "?"]
[Date "2008.??.??"]
[Round "?"]
[White "Bares, Jiri"]
[Black "Jirku, Jaroslav"]
[Result "0-1"]
[WhiteElo "2259"]
[BlackElo "2307"]
[PlyCount "114"]
[EventDate "2008.??.??"]

1. d4 d5 2. c4 e6 3. Nc3 Nf6 4. Bg5 Be7 5. Nf3 O-O 6. e3 h6 7. Bh4 b6 8. Qb3
Bb7 9. Bxf6 Bxf6 10. cxd5 exd5 11. Rd1 Re8 12. Bd3 Nc6 13. O-O Na5 14. Qc2 Qe7
15. Rfe1 c5 16. dxc5 Qxc5 17. Nb5 Qxc2 18. Bxc2 Red8 19. b3 g6 20. Bd3 Nc6 21.
Nfd4 Nb4 22. a3 Nxd3 23. Rxd3 a6 24. Nc7 Rac8 25. Rc1 Kf8 26. Rdc3 Ke7 27.
Nxd5+ Rxd5 28. Rxc8 Bxc8 29. Rxc8 Bxd4 30. exd4 Rxd4 31. Rc1 Rd3 32. Rb1 Kd6
33. Kf1 Kd5 34. Ke2 Kd4 35. a4 h5 36. h4 b5 37. axb5 axb5 38. b4 Kc4 39. g3 Rb3
40. Rd1 Rb2+ 41. Ke3 Rxb4 42. Rc1+ Kb3 43. Kd3 Ka3 44. Ra1+ Kb2 45. Ra7 Ra4 46.
Rxf7 b4 47. Rf6 b3 48. Rb6 Ka2 49. Kc3 Ra8 50. f4 Rc8+ 51. Kd2 b2 52. Ra6+ Kb1
53. Rxg6 Rc2+ 54. Kd3 Kc1 55. Rb6 b1=Q 56. Rxb1+ Kxb1 57. Ke4 Rc3 0-1

[Event "8MCRV_F"]
[Site "?"]
[Date "2008.??.??"]
[Round "?"]
[White "Bares, Jiri"]
[Black "Novak, Vratislav"]
[Result "1/2-1/2"]
[WhiteElo "2259"]
[BlackElo "2285"]
[PlyCount "74"]
[EventDate "2008.??.??"]

1. d4 Nf6 2. c4 e6 3. Nc3 Bb4 4. Qc2 O-O 5. a3 Bxc3+ 6. Qxc3 b6 7. Bg5 Bb7 8.
e3 h6 9. Bh4 d6 10. f3 Nbd7 11. Bd3 e5 12. Ne2 e4 13. fxe4 g5 14. e5 dxe5 15.
Bf2 Bxg2 16. Rg1 Bh3 17. dxe5 Ng4 18. Nf4 Ndxe5 19. Be2 Nxf2 20. Qxe5 Re8 21.
Qd5 Kf8 22. Nxh3 Nxh3 23. Rg3 g4 24. Bxg4 Qxd5 25. cxd5 Ng5 26. h4 Ne4 27. Rf3
Rad8 28. O-O-O Nd6 29. Rdf1 Re5 30. Be6 Ke7 31. Bxf7 Rf8 32. Bg6 Rxf3 33. Rxf3
Rxd5 34. b3 c5 35. Kc2 c4 36. bxc4 Rc5 37. Rf4 Nxc4 1/2-1/2

[Event "8MCRV_F"]
[Site "?"]
[Date "2008.??.??"]
[Round "?"]
[White "Bares, Jiri"]
[Black "Schwarz, Jan"]
[Result "1/2-1/2"]
[WhiteElo "2259"]
[BlackElo "2259"]
[PlyCount "76"]
[EventDate "2008.??.??"]

1. d4 Nf6 2. c4 e6 3. Nc3 Bb4 4. Qc2 d5 5. cxd5 Qxd5 6. Nf3 Qf5 7. Qxf5 exf5 8.
a3 Be7 9. Bf4 c6 10. e3 O-O 11. Bd3 Be6 12. O-O Nbd7 13. h3 Nb6 14. Rac1 g6 15.
Rfd1 Rfe8 16. Ne5 Rad8 17. b4 Nfd5 18. Nxd5 Bxd5 19. Be2 g5 20. Bh2 Bd6 21. Re1
Kg7 22. Bf3 f6 23. Bxd5 fxe5 24. dxe5 Bxe5 25. Bxe5+ Rxe5 26. Bf3 Kf6 27. Red1
Rxd1+ 28. Rxd1 Nc4 29. Rd3 Rb5 30. Be2 Rd5 31. Rc3 Nd6 32. f4 Rd2 33. Rd3 Rxd3
34. Bxd3 h5 35. Kf2 b6 36. Bc2 Nb5 37. a4 Nc3 38. Bb3 h4 1/2-1/2

[Event "8MCRV_F"]
[Site "?"]
[Date "2008.??.??"]
[Round "?"]
[White "Bares, Jiri"]
[Black "Valak, Alois"]
[Result "0-1"]
[WhiteElo "2259"]
[BlackElo "2352"]
[PlyCount "92"]
[EventDate "2008.??.??"]

1. d4 Nf6 2. c4 e6 3. Nc3 Bb4 4. Qc2 O-O 5. a3 Bxc3+ 6. Qxc3 b6 7. Bg5 Bb7 8.
e3 d6 9. f3 Nbd7 10. Bd3 h6 11. Bh4 e5 12. Ne2 e4 13. fxe4 g5 14. e5 dxe5 15.
Bg3 exd4 16. exd4 Bxg2 17. Rg1 Ne4 18. Qc2 Nxg3 19. Rxg2 Nxe2 20. Rxe2 Re8 21.
O-O-O Rxe2 22. Qxe2 Nf6 23. h4 g4 24. c5 Kg7 25. Bf5 Qd5 26. Bxg4 Re8 27. Qf3
Qe4 28. Qxe4 Rxe4 29. Bf3 Rxh4 30. b4 h5 31. Kc2 Rh2+ 32. Kc3 Rh3 33. Rd3 h4
34. Bg2 Rxd3+ 35. Kxd3 Ng4 36. d5 Kf6 37. Kd4 Ke7 38. d6+ cxd6 39. cxb6 axb6
40. a4 Kd8 41. a5 Kc7 42. a6 Kb8 43. b5 Ka7 44. Bf1 f5 45. Bh3 Kb8 46. Kd5 Nf2
0-1

[Event "8MCRV_F"]
[Site "?"]
[Date "2008.??.??"]
[Round "?"]
[White "Canibal, Jaromir"]
[Black "Jandovsky, Viktor"]
[Result "0-1"]
[WhiteElo "2236"]
[BlackElo "2280"]
[PlyCount "80"]
[EventDate "2008.??.??"]

1. g3 e5 2. Bg2 d5 3. c4 Nf6 4. cxd5 Nxd5 5. Nc3 Nb6 6. Nf3 Nc6 7. O-O Be7 8.
d3 O-O 9. Be3 Be6 10. a3 f5 11. Rc1 Kh8 12. Qd2 Bb3 13. Rfe1 Qd7 14. Bg5 Bd6
15. Nb5 f4 16. gxf4 exf4 17. Nxd6 Qxd6 18. e3 fxe3 19. fxe3 Qg6 20. Bf4 Rad8
21. Rc3 Bc4 22. d4 Rde8 23. Ne5 Nxe5 24. Bxe5 Bg8 25. Qd3 Qxd3 26. Rxd3 c6 27.
b3 Nd7 28. Bd6 Rf6 29. Bg3 Rg6 30. e4 Nf6 31. h3 Bf7 32. Kh2 Kg8 33. Bf3 Rg5
34. a4 Bh5 35. Bh4 Rg6 36. Bh1 Rh6 37. Bg5 Rg6 38. Bd2 Nd7 39. Bc3 Rf8 40. Bb4
Rf2+ 0-1

[Event "8MCRV_F"]
[Site "?"]
[Date "2008.??.??"]
[Round "?"]
[White "Canibal, Jaromir"]
[Black "Kuta, Jiri"]
[Result "1-0"]
[WhiteElo "2236"]
[BlackElo "2359"]
[PlyCount "81"]
[EventDate "2008.??.??"]

1. e4 c5 2. c3 Nf6 3. e5 Nd5 4. d4 cxd4 5. Nf3 Nc6 6. cxd4 d6 7. Bc4 Nb6 8. Bb5
d5 9. a4 a5 10. Qc2 Bd7 11. Bxc6 bxc6 12. O-O g6 13. Nbd2 Bg7 14. Nb3 Qc7 15.
Qc3 Qa7 16. Bd2 Nc4 17. h3 Nxd2 18. Qxd2 O-O 19. Nc5 Bf5 20. Rac1 Rab8 21. b3
Rb4 22. Qe3 Bc8 23. Rc3 Rb6 24. Re1 Qc7 25. h4 Bg4 26. Qg5 Bxf3 27. Rxf3 e6 28.
h5 Qd8 29. Qd2 Rb4 30. h6 Bh8 31. Na6 Rb7 32. Rc1 Ra7 33. Qd3 Qb6 34. Nc5 Rb8
35. Qd2 Qd8 36. Rfc3 Qb6 37. b4 axb4 38. Rb1 Re8 39. Re3 Qd8 40. Qxb4 Ra8 41.
Qb7 1-0

[Event "8MCRV_F"]
[Site "?"]
[Date "2008.??.??"]
[Round "?"]
[White "Canibal, Jaromir"]
[Black "Pecka, Josef"]
[Result "1/2-1/2"]
[WhiteElo "2236"]
[BlackElo "2296"]
[PlyCount "51"]
[EventDate "2008.??.??"]

1. e4 c5 2. c3 d5 3. exd5 Qxd5 4. d4 Nf6 5. Nf3 Bg4 6. Be2 e6 7. h3 Bh5 8. O-O
Nc6 9. Be3 cxd4 10. cxd4 Be7 11. Nc3 Qd6 12. Qb3 O-O 13. Rac1 a6 14. d5 Nxd5
15. Rfd1 Nxc3 16. Rxc3 Qc7 17. Bb6 Qc8 18. g4 Bg6 19. Ne5 Bf6 20. Nxg6 hxg6 21.
Rcd3 Re8 22. Bf1 a5 23. Bg2 a4 24. Qb5 e5 25. Rd7 Re7 26. Rxe7 1/2-1/2

[Event "8MCRV_F"]
[Site "?"]
[Date "2008.??.??"]
[Round "?"]
[White "Canibal, Jaromir"]
[Black "Schwarz, Jan"]
[Result "1/2-1/2"]
[WhiteElo "2236"]
[BlackElo "2259"]
[PlyCount "82"]
[EventDate "2008.??.??"]

1. e4 c5 2. c3 Nf6 3. e5 Nd5 4. d4 e6 5. Nf3 cxd4 6. cxd4 b6 7. Bd3 Ba6 8. O-O
Qc8 9. Ng5 Be7 10. Ne4 f5 11. exf6 Nxf6 12. Bg5 O-O 13. Nbc3 Nxe4 14. Nxe4 Bxg5
15. Nxg5 h6 16. Bh7+ Kh8 17. Re1 Rf6 18. Ne4 Rf8 19. Nd6 Qc7 20. Be4 Nc6 21. d5
Qxd6 22. dxc6 Qxd1 23. Raxd1 dxc6 24. Bxc6 Rac8 25. Rxe6 Bc4 26. Red6 Bxa2 27.
f3 Rc7 28. Be4 Kg8 29. Kf2 Bb3 30. R1d2 Re7 31. Kg3 Be6 32. Re2 Kf7 33. Rc2 Kg8
34. h4 Bf5 35. Bd5+ Kh7 36. Rcc6 h5 37. b4 g6 38. Bc4 Kg7 39. b5 Rfe8 40. Bd5
Rf8 41. Bc4 Rfe8 1/2-1/2

[Event "8MCRV_F"]
[Site "?"]
[Date "2008.??.??"]
[Round "?"]
[White "Canibal, Jaromir"]
[Black "Sykora, Josef"]
[Result "1/2-1/2"]
[WhiteElo "2236"]
[BlackElo "2347"]
[PlyCount "56"]
[EventDate "2008.??.??"]

1. e4 c6 2. d4 d5 3. exd5 cxd5 4. c4 Nf6 5. Nc3 e6 6. Nf3 Bb4 7. cxd5 Nxd5 8.
Qc2 Nc6 9. a3 Be7 10. Bd3 h6 11. O-O O-O 12. Be3 Nxe3 13. fxe3 Bd7 14. Rac1 Rc8
15. Qd2 f5 16. Bb1 Bf6 17. Ba2 Kh7 18. Rcd1 Qa5 19. e4 a6 20. exf5 exf5 21. Nd5
Qxd2 22. Nxf6+ Rxf6 23. Rxd2 Re8 24. h4 Rd6 25. h5 g5 26. hxg6+ Kxg6 27. g3 Kf6
28. Kf2 Re4 1/2-1/2

[Event "8MCRV_F"]
[Site "?"]
[Date "2008.??.??"]
[Round "?"]
[White "Jandovsky, Viktor"]
[Black "Bares, Jiri"]
[Result "1-0"]
[WhiteElo "2280"]
[BlackElo "2259"]
[PlyCount "95"]
[EventDate "2008.??.??"]

1. e4 c5 2. Nf3 d6 3. d4 cxd4 4. Nxd4 Nf6 5. Nc3 a6 6. Be3 e5 7. Nb3 Be6 8. Qd2
Nbd7 9. O-O-O b5 10. f3 Be7 11. g4 b4 12. Nd5 Bxd5 13. exd5 Nb6 14. Qxb4 Nfxd5
15. Bxb6 Nxb6 16. f4 Qc7 17. fxe5 dxe5 18. Qe4 O-O 19. Bd3 g6 20. h4 a5 21. a4
Rfd8 22. h5 Nd5 23. hxg6 hxg6 24. Bc4 Nf4 25. Rdf1 Qd6 26. Kb1 Kg7 27. Rh2 Bf6
28. Rfh1 Kg8 29. g5 Bg7 30. Rd2 Qc7 31. Rhd1 Rac8 32. Rxd8+ Rxd8 33. Rxd8+ Qxd8
34. Qb7 Ne6 35. Bxe6 fxe6 36. Qg2 Bf8 37. Qd2 Be7 38. Qxd8+ Bxd8 39. c3 Kf7 40.
Kc2 e4 41. Kd1 e5 42. Nc5 Bxg5 43. Nb7 Ke6 44. Nxa5 Kd5 45. Ke2 Be7 46. b3 g5
47. Nc4 Bd8 48. Ne3+ 1-0

[Event "8MCRV_F"]
[Site "?"]
[Date "2008.??.??"]
[Round "?"]
[White "Jandovsky, Viktor"]
[Black "Kuta, Jiri"]
[Result "0-1"]
[WhiteElo "2280"]
[BlackElo "2359"]
[PlyCount "110"]
[EventDate "2008.??.??"]

1. e4 c5 2. Nf3 Nc6 3. d4 cxd4 4. Nxd4 e6 5. Nc3 Qc7 6. Be3 a6 7. Qd2 Nf6 8.
O-O-O Bb4 9. f3 Ne5 10. Nb3 b5 11. Kb1 Nc4 12. Bxc4 bxc4 13. Nc1 Rb8 14. Bf4 e5
15. Bg5 Qb6 16. N1e2 O-O 17. Bxf6 Ba3 18. b3 Qxf6 19. Nd5 Qd8 20. f4 exf4 21.
Qxf4 Bb7 22. Ng3 Bxd5 23. Rxd5 Rb5 24. Rhd1 Qb6 25. Rxb5 axb5 26. Qd2 cxb3 27.
cxb3 g6 28. Qxd7 Qf6 29. Qd4 Qg5 30. Qa7 Be7 31. Rd5 Qh4 32. Rxb5 Qxh2 33. Qf2
Rc8 34. Rd5 Ba3 35. Rd1 Qh4 36. Qe3 Qg4 37. Rf1 h5 38. e5 h4 39. e6 Qxg3 40.
exf7+ Kg7 41. Qxg3 hxg3 42. f8=Q+ Bxf8 43. Rc1 Re8 44. Kb2 Re2+ 45. Rc2 Ba3+
46. Kc3 Rf2 47. Kd3 Kf6 48. Re2 Kf5 49. Rd2 Kf4 50. Re2 g5 51. Re4+ Kf5 52. Re2
Kg4 53. Re4+ Kh5 54. Re2 Kh4 55. b4 Rxg2 0-1

[Event "8MCRV_F"]
[Site "?"]
[Date "2008.??.??"]
[Round "?"]
[White "Jandovsky, Viktor"]
[Black "Pecka, Josef"]
[Result "1/2-1/2"]
[WhiteElo "2280"]
[BlackElo "2296"]
[PlyCount "114"]
[EventDate "2008.??.??"]

1. e4 c5 2. Nf3 Nc6 3. d4 cxd4 4. Nxd4 Nf6 5. Nc3 e5 6. Ndb5 d6 7. Bg5 a6 8.
Na3 b5 9. Nd5 Be7 10. Bxf6 Bxf6 11. c3 O-O 12. Nc2 Bg5 13. a4 bxa4 14. Rxa4 a5
15. Bc4 Rb8 16. b3 Kh8 17. Nce3 g6 18. O-O Bd7 19. Ra2 f5 20. Qf3 Bh6 21. Rd1
Qh4 22. exf5 gxf5 23. Nc7 a4 24. Rxa4 f4 25. Be6 Nd4 26. Raxd4 exd4 27. Ned5
Be8 28. Nxe8 Rfxe8 29. Bd7 Red8 30. Ba4 dxc3 31. Qxc3+ Bg7 32. Qf3 Be5 33. b4
Rg8 34. Bd7 Rg5 35. Rc1 Rbg8 36. Bh3 Qh5 37. Qxh5 Rxh5 38. Be6 f3 39. g3 Bb2
40. Rb1 Rb8 41. h3 Re5 42. Bg4 Rxd5 43. Rxb2 Rdb5 44. Bxf3 Rxb4 45. Rd2 R8b6
46. Kg2 Kg7 47. g4 Ra4 48. Rd5 h6 49. Rd3 Kg6 50. Kg3 Kf6 51. Bd5 Kg7 52. Re3
Ra5 53. Rd3 Rba6 54. f3 Kf6 55. h4 Ra3 56. Rd2 R6a5 57. Kf4 R5a4+ 1/2-1/2

[Event "8MCRV_F"]
[Site "?"]
[Date "2008.??.??"]
[Round "?"]
[White "Jandovsky, Viktor"]
[Black "Priesol, Daniel"]
[Result "1/2-1/2"]
[WhiteElo "2280"]
[BlackElo "2254"]
[PlyCount "50"]
[EventDate "2008.??.??"]

1. e4 e5 2. Nf3 Nf6 3. Nxe5 d6 4. Nf3 Nxe4 5. d4 d5 6. Bd3 Be7 7. O-O Nc6 8. c4
Nb4 9. Be2 O-O 10. Nc3 Bf5 11. a3 Nxc3 12. bxc3 Nc6 13. Re1 Re8 14. Bf4 dxc4
15. Bxc4 Bd6 16. Rxe8+ Qxe8 17. Ng5 Bg6 18. Bxd6 cxd6 19. h4 Qe7 20. Qg4 h6 21.
Nh3 Qe4 22. Qg3 Rc8 23. Bf1 Ne7 24. Qxd6 Nf5 25. Qb4 Nxh4 1/2-1/2

[Event "8MCRV_F"]
[Site "?"]
[Date "2008.??.??"]
[Round "?"]
[White "Jandovsky, Viktor"]
[Black "Sykora, Josef"]
[Result "1/2-1/2"]
[WhiteElo "2280"]
[BlackElo "2347"]
[PlyCount "72"]
[EventDate "2008.??.??"]

1. e4 c6 2. d4 d5 3. e5 c5 4. dxc5 e6 5. Be3 Nd7 6. Bb5 Qc7 7. Nf3 Bxc5 8. Bxc5
Qxc5 9. Nc3 Ne7 10. O-O a6 11. Bd3 Qc7 12. Re1 Nc5 13. Qd2 O-O 14. b4 Nxd3 15.
cxd3 Bd7 16. Rac1 Qb6 17. a3 Rfc8 18. h3 a5 19. Rb1 axb4 20. Rxb4 Qa5 21. Reb1
Qxa3 22. Nb5 Bxb5 23. Rxb5 Rc3 24. Rxb7 Rac8 25. d4 h6 26. Rb8 Nf5 27. g4 Ne7
28. Rxc8+ Rxc8 29. Kg2 Ng6 30. h4 Rc3 31. Rb8+ Kh7 32. Ra8 Nf4+ 33. Kh2 Qb3 34.
Rb8 Qxb8 35. Qxc3 Qb1 36. Qe3 Nd3 1/2-1/2

[Event "8MCRV_F"]
[Site "?"]
[Date "2008.??.??"]
[Round "?"]
[White "Jirku, Jaroslav"]
[Black "Canibal, Jaromir"]
[Result "1/2-1/2"]
[WhiteElo "2307"]
[BlackElo "2236"]
[PlyCount "97"]
[EventDate "2008.??.??"]

1. e4 e5 2. Nf3 Nc6 3. Bb5 a6 4. Ba4 Nf6 5. O-O Be7 6. Re1 b5 7. Bb3 d6 8. c3
O-O 9. h3 Na5 10. Bc2 c5 11. d4 cxd4 12. cxd4 Bb7 13. Nbd2 Nc6 14. d5 Nb4 15.
Bb1 a5 16. Nf1 Na6 17. Ng3 Nc5 18. Be3 Rc8 19. Bd3 Qd7 20. Bxc5 Rxc5 21. Qe2 b4
22. a3 Rb8 23. Nd2 Qd8 24. Nf5 Bf8 25. Ne3 g6 26. Qf3 Rcc8 27. axb4 axb4 28.
Ra4 Nd7 29. Nec4 Nc5 30. Rxb4 Ba6 31. Rxb8 Rxb8 32. Bf1 Qd7 33. Qe3 Qa4 34. Rc1
Be7 35. b3 Qa2 36. Qc3 Bxc4 37. Ra1 Qxa1 38. Qxa1 Bxb3 39. Qb1 Rb7 40. Nxb3
Rxb3 41. Qc2 Rb4 42. f3 Bg5 43. Kh2 h5 44. g3 Rd4 45. Qb1 Rd2+ 46. Kh1 Rf2 47.
h4 Be3 48. Bg2 Kg7 49. Kh2 1/2-1/2

[Event "8MCRV_F"]
[Site "?"]
[Date "2008.??.??"]
[Round "?"]
[White "Jirku, Jaroslav"]
[Black "Jandovsky, Viktor"]
[Result "0-1"]
[WhiteElo "2307"]
[BlackElo "2280"]
[PlyCount "46"]
[EventDate "2008.??.??"]

1. e4 e6 2. d4 d5 3. Nc3 Nf6 4. Bg5 dxe4 5. Nxe4 Be7 6. Bxf6 gxf6 7. Bc4 b6 8.
d5 Bb7 9. Bb5+ c6 10. dxc6 Nxc6 11. Qf3 Qd5 12. Nc3 Qc5 13. O-O-O a6 14. Bf1 f5
15. Kb1 b5 16. Nge2 b4 17. Na4 Qa5 18. b3 Rd8 19. Rxd8+ Qxd8 20. Nc1 Qc7 21. c4
Ne5 22. Qf4 Bd8 23. Qd2 Rg8 0-1

[Event "8MCRV_F"]
[Site "?"]
[Date "2008.??.??"]
[Round "?"]
[White "Jirku, Jaroslav"]
[Black "Pecka, Josef"]
[Result "1/2-1/2"]
[WhiteElo "2307"]
[BlackElo "2296"]
[PlyCount "69"]
[EventDate "2008.??.??"]

1. e4 c5 2. Nf3 Nc6 3. d4 cxd4 4. Nxd4 Nf6 5. Nc3 e5 6. Ndb5 d6 7. Bg5 a6 8.
Na3 b5 9. Bxf6 gxf6 10. Nd5 f5 11. g3 Bg7 12. exf5 Bxf5 13. Bg2 e4 14. c3 Ne5
15. O-O Bg4 16. Qd2 f5 17. Nc2 Nc4 18. Qe1 O-O 19. Nce3 Nxe3 20. Qxe3 Re8 21.
a4 bxa4 22. Rxa4 Bh5 23. Qd2 Bf7 24. Ne3 f4 25. gxf4 d5 26. Kh1 Kh8 27. Rfa1 a5
28. Nf5 Bf6 29. Nd4 Qc7 30. R4a3 Bh5 31. Ne6 Qd6 32. Nd4 Qc7 33. Ne6 Qd6 34.
Nd4 Qc7 35. Ne6 1/2-1/2

[Event "8MCRV_F"]
[Site "?"]
[Date "2008.??.??"]
[Round "?"]
[White "Jirku, Jaroslav"]
[Black "Schwarz, Jan"]
[Result "1/2-1/2"]
[WhiteElo "2307"]
[BlackElo "2259"]
[PlyCount "65"]
[EventDate "2008.??.??"]

1. e4 c5 2. Nf3 d6 3. d4 cxd4 4. Nxd4 Nf6 5. Nc3 a6 6. Be3 e5 7. Nf3 Qc7 8. a4
Be7 9. a5 O-O 10. Be2 Nbd7 11. O-O Nc5 12. Nd2 Be6 13. f3 Rad8 14. b4 Nb3 15.
Nb5 axb5 16. Bb6 Qc8 17. Nxb3 d5 18. Nc5 dxe4 19. Qe1 exf3 20. Bxf3 Bxc5+ 21.
bxc5 e4 22. Bxe4 Nxe4 23. Bxd8 Qxc5+ 24. Kh1 Qxc2 25. Rc1 Qd3 26. Be7 Re8 27.
Rd1 Qc4 28. Rc1 Qd5 29. Rd1 Qc6 30. Qe3 f5 31. Rd8 Rxd8 32. Bxd8 b4 33. Rc1
1/2-1/2

[Event "8MCRV_F"]
[Site "?"]
[Date "2008.??.??"]
[Round "?"]
[White "Jirku, Jaroslav"]
[Black "Valak, Alois"]
[Result "1/2-1/2"]
[WhiteElo "2307"]
[BlackElo "2352"]
[PlyCount "100"]
[EventDate "2008.??.??"]

1. e4 c5 2. Nf3 d6 3. d4 cxd4 4. Nxd4 Nf6 5. Nc3 a6 6. Be3 e5 7. Nf3 Qc7 8. a4
Be7 9. a5 O-O 10. Be2 Nbd7 11. O-O Nc5 12. Nd2 Be6 13. Bf3 Rac8 14. Nd5 Bxd5
15. exd5 e4 16. Bg4 Nxg4 17. Qxg4 f5 18. Qe2 Bf6 19. Nc4 Nd7 20. Ra4 Ne5 21.
Nxe5 Bxe5 22. c3 Qf7 23. f4 exf3 24. Qxf3 Qd7 25. Rb4 Rce8 26. Bf2 Bf6 27. Bb6
Rf7 28. Qd3 g6 29. h3 Re5 30. Rbf4 Bd8 31. Bxd8 Qxd8 32. b4 Rfe7 33. Qg3 Qf8
34. Qd3 Qg7 35. Qd4 Re3 36. c4 Rc3 37. Qb6 Qe5 38. b5 Rb3 39. R4f3 Rb4 40. Rd1
Rxc4 41. bxa6 bxa6 42. Qxa6 Rc2 43. Kh1 Qe2 44. Qxe2 Rexe2 45. Ra1 Rxg2 46.
Rfa3 f4 47. a6 Rh2+ 48. Kg1 Kg7 49. a7 f3 50. Rxf3 Rcg2+ 1/2-1/2

[Event "8MCRV_F"]
[Site "?"]
[Date "2008.??.??"]
[Round "?"]
[White "Kuta, Jiri"]
[Black "Bares, Jiri"]
[Result "1-0"]
[WhiteElo "2359"]
[BlackElo "2259"]
[PlyCount "77"]
[EventDate "2008.??.??"]

1. d4 d5 2. c4 e6 3. Nc3 Nf6 4. cxd5 exd5 5. Bg5 Be7 6. e3 O-O 7. Bd3 Nbd7 8.
Nf3 c6 9. Qc2 Re8 10. h3 Nf8 11. Bf4 Ng6 12. Bh2 Bd6 13. Bxd6 Qxd6 14. O-O-O
Be6 15. Kb1 Rac8 16. Rc1 b6 17. g4 c5 18. Ba6 Rb8 19. Nb5 Qd8 20. Ne5 Bd7 21.
Nxd7 Qxd7 22. dxc5 bxc5 23. Qxc5 Rb6 24. Nc7 Reb8 25. Rc2 Qa4 26. Rhc1 Rxa6 27.
Nxa6 Qxa6 28. g5 Nd7 29. Qxd5 Nb6 30. Qf5 Rb7 31. h4 Nf8 32. h5 Rd7 33. f4 Nd5
34. Rc8 Qe6 35. Qxe6 fxe6 36. g6 hxg6 37. hxg6 Ne7 38. R8c7 Nfxg6 39. Rxd7 1-0

[Event "8MCRV_F"]
[Site "?"]
[Date "2008.??.??"]
[Round "?"]
[White "Kuta, Jiri"]
[Black "Jirku, Jaroslav"]
[Result "1/2-1/2"]
[WhiteElo "2359"]
[BlackElo "2307"]
[PlyCount "86"]
[EventDate "2008.??.??"]

1. d4 d5 2. c4 e6 3. Nc3 Nf6 4. cxd5 exd5 5. Bg5 c6 6. e3 h6 7. Bh4 Be7 8. Qc2
Be6 9. Bd3 Nh5 10. Bxe7 Qxe7 11. Nf3 Nd7 12. O-O g6 13. h3 O-O 14. Rac1 Ndf6
15. Ne2 Ne8 16. g4 Nhg7 17. Ne5 Nd6 18. Nf4 Rfe8 19. Kg2 Rad8 20. a4 a5 21.
Rfe1 Ra8 22. f3 Rac8 23. b3 Qf6 24. Qd2 Ra8 25. h4 Bc8 26. Qf2 Ne6 27. Nxe6
Bxe6 28. Qg3 Qe7 29. Rh1 Kg7 30. f4 Rg8 31. h5 g5 32. Rhf1 gxf4 33. Rxf4 Kh8
34. Rcf1 Rg5 35. R1f2 Rc8 36. Kf1 Rd8 37. Rf6 Kg7 38. Qf4 Rc8 39. Bc2 Rd8 40.
Ke1 Rc8 41. Rf3 Re8 42. Kf2 Rc8 43. Bd3 Rd8 1/2-1/2

[Event "8MCRV_F"]
[Site "?"]
[Date "2008.??.??"]
[Round "?"]
[White "Kuta, Jiri"]
[Black "Novak, Vratislav"]
[Result "1-0"]
[WhiteElo "2359"]
[BlackElo "2285"]
[PlyCount "45"]
[EventDate "2008.??.??"]

1. d4 Nf6 2. c4 e6 3. Nf3 b6 4. g3 Ba6 5. b3 Bb4+ 6. Bd2 Be7 7. Bg2 Nc6 8. O-O
O-O 9. Bf4 d5 10. Nc3 Nh5 11. Be3 Nf6 12. Rc1 Bb7 13. Ne5 Nxe5 14. dxe5 Ng4 15.
Bf4 Ba3 16. Rc2 g5 17. e3 h5 18. h3 gxf4 19. hxg4 fxg3 20. cxd5 f5 21. dxe6
gxf2+ 22. Rcxf2 Bxg2 23. Kxg2 1-0

[Event "8MCRV_F"]
[Site "?"]
[Date "2008.??.??"]
[Round "?"]
[White "Kuta, Jiri"]
[Black "Priesol, Daniel"]
[Result "1-0"]
[WhiteElo "2359"]
[BlackElo "2254"]
[PlyCount "71"]
[EventDate "2008.??.??"]

1. d4 Nf6 2. c4 g6 3. Nc3 Bg7 4. e4 d6 5. f3 O-O 6. Be3 c5 7. dxc5 dxc5 8. Qxd8
Rxd8 9. Bxc5 Nc6 10. Be3 Be6 11. Rc1 Rac8 12. Nd5 Bd7 13. Ne2 Ne8 14. Nec3 e6
15. Nf4 Ne5 16. b3 b6 17. Be2 Bc6 18. Kf2 Nd6 19. Rhd1 Rd7 20. g3 Rcd8 21. a4
Bf8 22. Nb5 Nc8 23. Rxd7 Nxd7 24. Rd1 a5 25. Bf1 Be7 26. Bh3 Bf6 27. Ke2 Nf8
28. Rxd8 Bxd8 29. Nd3 Nd7 30. Nd4 Na7 31. c5 Kf8 32. Bxe6 fxe6 33. Nxe6+ Ke7
34. Nxd8 Kxd8 35. cxb6 Nc8 36. Bd2 1-0

[Event "8MCRV_F"]
[Site "?"]
[Date "2008.??.??"]
[Round "?"]
[White "Kuta, Jiri"]
[Black "Valak, Alois"]
[Result "1/2-1/2"]
[WhiteElo "2359"]
[BlackElo "2352"]
[PlyCount "53"]
[EventDate "2008.??.??"]

1. d4 Nf6 2. c4 e6 3. Nf3 d5 4. Nc3 Bb4 5. e3 O-O 6. Bd3 c5 7. O-O Nc6 8. a3
Bxc3 9. bxc3 b6 10. Bb2 Ba6 11. cxd5 Bxd3 12. Qxd3 Qxd5 13. c4 Qe4 14. Qb3 Rac8
15. Qb5 Qf5 16. dxc5 Qxc5 17. a4 Rfd8 18. Ba3 Qf5 19. Rad1 Qe4 20. Rxd8+ Rxd8
21. c5 Nd7 22. Nd4 Nxd4 23. exd4 bxc5 24. Bxc5 Nxc5 25. dxc5 Qc2 26. Qa5 Rd7
27. Qb5 1/2-1/2

[Event "8MCRV_F"]
[Site "?"]
[Date "2008.??.??"]
[Round "?"]
[White "Novak, Vratislav"]
[Black "Canibal, Jaromir"]
[Result "1/2-1/2"]
[WhiteElo "2285"]
[BlackElo "2236"]
[PlyCount "67"]
[EventDate "2008.??.??"]

1. e4 e5 2. Nf3 Nc6 3. Bb5 a6 4. Ba4 Nf6 5. O-O Be7 6. Re1 b5 7. Bb3 d6 8. c3
O-O 9. h3 Na5 10. Bc2 c5 11. d4 Qc7 12. Nbd2 cxd4 13. cxd4 Nc6 14. Nb3 a5 15.
Be3 a4 16. Nbd2 Bd7 17. Rc1 Qb7 18. Nf1 Rfc8 19. Ng3 g6 20. Qd2 Bf8 21. Bb1
exd4 22. Nxd4 Ne5 23. b3 b4 24. Rxc8 Rxc8 25. f4 Nc6 26. Bd3 axb3 27. axb3 Ra8
28. Bc4 Bg7 29. Bf2 Nxd4 30. Bxd4 Be6 31. Bxe6 fxe6 32. f5 e5 33. Bf2 Bf8 34.
fxg6 1/2-1/2

[Event "8MCRV_F"]
[Site "?"]
[Date "2008.??.??"]
[Round "?"]
[White "Novak, Vratislav"]
[Black "Jandovsky, Viktor"]
[Result "1-0"]
[WhiteElo "2285"]
[BlackElo "2280"]
[PlyCount "73"]
[EventDate "2008.??.??"]

1. e4 e6 2. d4 d5 3. Nc3 Nf6 4. e5 Nfd7 5. f4 c5 6. Nf3 Nc6 7. Be3 Be7 8. Be2
O-O 9. Qd2 a6 10. O-O b5 11. a3 Qb6 12. Rad1 Bb7 13. dxc5 Bxc5 14. Bxc5 Qxc5+
15. Kh1 Rac8 16. Bd3 h6 17. Ne2 a5 18. Ned4 b4 19. Ra1 Ra8 20. Nxc6 Bxc6 21.
Nd4 Bb7 22. h3 Rfb8 23. axb4 axb4 24. Qe3 Qc7 25. Rae1 Nc5 26. f5 Ne4 27. fxe6
fxe6 28. Qf4 Qe7 29. Qg4 h5 30. Qg6 Qe8 31. Bxe4 dxe4 32. Qg5 Kh7 33. Re3 Bd5
34. Rg3 Rb7 35. Kh2 b3 36. cxb3 Raa7 37. Qh4 1-0

[Event "8MCRV_F"]
[Site "?"]
[Date "2008.??.??"]
[Round "?"]
[White "Novak, Vratislav"]
[Black "Jirku, Jaroslav"]
[Result "1-0"]
[WhiteElo "2285"]
[BlackElo "2307"]
[PlyCount "173"]
[EventDate "2008.??.??"]

1. e4 e5 2. Nf3 Nc6 3. Bb5 a6 4. Ba4 Nf6 5. O-O Be7 6. Re1 b5 7. Bb3 d6 8. c3
O-O 9. h3 Na5 10. Bc2 c5 11. d4 cxd4 12. cxd4 Bb7 13. d5 Rc8 14. Nbd2 Qc7 15.
Bd3 Nd7 16. Nf1 f5 17. Ng3 fxe4 18. Bxe4 Nc4 19. Bf5 Kh8 20. Be6 Nc5 21. Bxc8
Qxc8 22. b3 Nb6 23. Bg5 Qd8 24. Be3 Ncd7 25. Qc2 Nxd5 26. Rad1 a5 27. Qd3 b4
28. Qb5 Nxe3 29. Rxe3 Qc7 30. Ne4 Bc6 31. Qe2 d5 32. Neg5 Qb6 33. Rxe5 Nxe5 34.
Qxe5 Bxg5 35. Qxg5 h6 36. Qe7 Rc8 37. Nd4 Ba8 38. Nf5 Qg6 39. Qd7 Rf8 40. Nd4
Kh7 41. Qb5 Qf7 42. f3 Qa7 43. Qe2 Qc5 44. Qe5 Rf7 45. Re1 Bb7 46. f4 Qf8 47.
Rc1 Bc8 48. Kh2 Kh8 49. g4 Bb7 50. Ne6 Qe8 51. f5 Kg8 52. Kg3 Re7 53. Qf4 Bc8
54. Nc7 Qd8 55. Nxd5 Qxd5 56. Rxc8+ Kf7 57. Qb8 Qe5+ 58. Qxe5 Rxe5 59. Rc7+ Kf6
60. Rc6+ Kf7 61. Ra6 Re3+ 62. Kh4 Re5 63. Kh5 Rc5 64. Ra7+ Kf6 65. h4 Re5 66.
Ra6+ Kf7 67. g5 hxg5 68. Kxg5 Rd5 69. Ra7+ Kg8 70. h5 Rd1 71. Rxa5 Rg1+ 72. Kf4
Rh1 73. Kg4 Rg1+ 74. Kf3 Rh1 75. Rb5 Rxh5 76. Rb8+ Kh7 77. Rxb4 Rxf5+ 78. Kg4
Rf1 79. a4 Rg1+ 80. Kf4 Ra1 81. Kf5 g6+ 82. Kg5 Rg1+ 83. Rg4 Ra1 84. Rd4 Rg1+
85. Kf6 Rf1+ 86. Ke5 Ra1 87. Rd5 1-0